000
00379nam a2200169Ia 4500
001
12148
003
GE_BSU
008
181216s||||||||xx |||||||||||||| ||und||
040
_c
GE_BSU
245
_a
Le Point №2193. 25 Septembre 2014.
260
_a
Paris
260
_c
2014
300
_a
98p.27cm.
653
_a
Le Point
653
_a
პერიოდიკა
942
_c
CR
999
_c
45324
_d
45324